| 000 | 01258nam a2200301 a 4500 | ||
|---|---|---|---|
| 001 | BRCA_8360 | ||
| 005 | 20190320210240.0 | ||
| 008 | 280714c1650----gw-a###f##---#000-0#ger-# | ||
| 041 | _ager | ||
| 044 | _agw | ||
| 050 | 4 |
_aBS1429.L8 _b.S7 1650 |
|
| 100 | 1 |
_aOsiander, Lucas _920938 |
|
| 245 | 1 | 0 |
_aDie ganze heilige schrift D. Martini Lutheri _baltes und neues testament. Grundlicher retchmessiger verlarung deutlichen und verstandlichen sebrupuncten croft und varnungen durch den Beistreichen Scherm Lucam Ofiandrum der heiligenschrift Doctorn mit schurf suzft _cherausgegeben von Johan und Heirrich Sternen. |
| 260 |
_aNuremberg _bJ & H Sternen _c1650 |
||
| 300 |
_a244 h. _bil. _c42 cm. |
||
| 500 | _aEjemplar resguardado en Caja Fuerte | ||
| 500 | _aEstado físico: bien conservado en caja de plástico con sujetadores. | ||
| 500 | _aR-97 | ||
| 500 | _aCon Ex- libris de: Franz Mayer | ||
| 500 | _aNota de encuadernación: en piel | ||
| 500 | _aGrabado en la anteportada | ||
| 506 | 0 | _aFondo reservado: para su consulta es necesario credencial de usuario y carta de motivos | |
| 600 | 1 | 4 |
_aLutero, Martín _d1483-1546 _920939 |
| 650 | 1 | 4 |
_aBiblia alemana _920940 |
| 700 | 1 |
_aSternen, Heirrich _eed. _920941 |
|
| 902 | _aLAR | ||
| 942 |
_2lcc _cB |
||
| 999 |
_c8028 _d8028 |
||